| 000 | 00688nam a2200217 i 4500 | ||
|---|---|---|---|
| 001 | 10557 | ||
| 003 | ES-MaACL | ||
| 005 | 20240116184024.0 | ||
| 007 | t| | ||
| 008 | 950825s1956 sp f |||| |bspa d | ||
| 080 | _a929 Jovellanos, Gaspar Melchor | ||
| 100 | 1 |
_aAguirre Prado, Luis. _918887 |
|
| 245 | 1 | 0 |
_aJovellanos / _cpor Luis Aguirre Prado. |
| 260 |
_aMadrid : _bPublicaciones Españolas, _c1956. |
||
| 300 |
_a29 p., [4] p. de lám. ; _c24 cm. |
||
| 490 | 1 |
_aTemas españoles ; _v241 |
|
| 600 | 1 | 0 |
_aJovellanos, Gaspar Melchor de, _d1744-1811 _9222580 |
| 830 | 0 |
_aTemas españoles ; _v241 _9178712 |
|
| 852 |
_aES-MaACL _jL-17828 |
||
| 999 |
_c10557 _d10557 |
||